<?xml version="1.0" encoding="UTF-8"?>
<record
    xmlns:xsi="http://www.w3.org/2001/XMLSchema-instance"
    xsi:schemaLocation="http://www.loc.gov/MARC21/slim http://www.loc.gov/standards/marcxml/schema/MARC21slim.xsd"
    xmlns="http://www.loc.gov/MARC21/slim">

  <leader>01357nam a2200313 i 4500</leader>
  <controlfield tag="005">20160206165820.0</controlfield>
  <controlfield tag="008">061205s2004    ck ao  fr     00010dspa d</controlfield>
  <datafield tag="015" ind1=" " ind2=" ">
    <subfield code="a">ck-2004-xxxx</subfield>
  </datafield>
  <datafield tag="020" ind1=" " ind2=" ">
    <subfield code="a">9583371076</subfield>
  </datafield>
  <datafield tag="040" ind1=" " ind2=" ">
    <subfield code="a">CO-BoBLA </subfield>
    <subfield code="c">CO-BoBLA</subfield>
  </datafield>
  <datafield tag="041" ind1="0" ind2=" ">
    <subfield code="a">spa</subfield>
  </datafield>
  <datafield tag="043" ind1=" " ind2=" ">
    <subfield code="a">s-ck---</subfield>
  </datafield>
  <datafield tag="082" ind1="0" ind2="4">
    <subfield code="a">581.464</subfield>
    <subfield code="b">R58g</subfield>
  </datafield>
  <datafield tag="100" ind1="1" ind2=" ">
    <subfield code="a">Rios R., Margarita</subfield>
  </datafield>
  <datafield tag="245" ind1="1" ind2="0">
    <subfield code="a">Gu&#xED;a de frutos y semillas de la cuenca media del r&#xED;o Ot&#xFA;n / </subfield>
    <subfield code="c">Margarita Rios R., Paula Giraldo R. y Dar&#xED;o Correa Q.</subfield>
  </datafield>
  <datafield tag="260" ind1="3" ind2=" ">
    <subfield code="a">Cali : </subfield>
    <subfield code="b">Fundaci&#xF3;n EcoAndina, Wildlife Conservation Society, </subfield>
    <subfield code="c">2004.</subfield>
  </datafield>
  <datafield tag="300" ind1=" " ind2=" ">
    <subfield code="a">238, [10] p&#xE1;ginas : </subfield>
    <subfield code="b">ilustraciones y fotos ;</subfield>
    <subfield code="c">22 cm.</subfield>
  </datafield>
  <datafield tag="504" ind1=" " ind2=" ">
    <subfield code="a">Incluye bibliograf&#xED;a.</subfield>
  </datafield>
  <datafield tag="650" ind1="1" ind2="4">
    <subfield code="a">Bot&#xE1;nica</subfield>
    <subfield code="z"> R&#xED;o Ot&#xFA;n - Quimbaya (Risaralda, Colombia)</subfield>
  </datafield>
  <datafield tag="650" ind1="2" ind2="4">
    <subfield code="a">Plantas</subfield>
    <subfield code="x"> Clasificaci&#xF3;n</subfield>
    <subfield code="z"> R&#xED;o Ot&#xFA;n - Quimbaya (Risaralda, Colombia)</subfield>
  </datafield>
  <datafield tag="650" ind1="2" ind2="4">
    <subfield code="a">Taxonom&#xED;a vegetal</subfield>
    <subfield code="z"> R&#xED;o Ot&#xFA;n - Quimbaya (Risaralda, Colombia)</subfield>
  </datafield>
  <datafield tag="650" ind1="2" ind2="4">
    <subfield code="a">Diversidad biol&#xF3;gica</subfield>
    <subfield code="z"> R&#xED;o Ot&#xFA;n - Quimbaya (Risaralda, Colombia)</subfield>
  </datafield>
  <datafield tag="650" ind1="2" ind2="4">
    <subfield code="a">Frutas</subfield>
    <subfield code="z"> R&#xED;o Ot&#xFA;n - Quimbaya (Risaralda, Colombia)</subfield>
  </datafield>
  <datafield tag="650" ind1="2" ind2="4">
    <subfield code="a">Semillas</subfield>
    <subfield code="z"> R&#xED;o Ot&#xFA;n - Quimbaya (Risaralda, Colombia)</subfield>
    <subfield code="x">Clasificaci&#xF3;n</subfield>
  </datafield>
  <datafield tag="700" ind1="1" ind2=" ">
    <subfield code="a">Giraldo R., Paula.,</subfield>
    <subfield code="e">autora.</subfield>
  </datafield>
  <datafield tag="700" ind1="1" ind2=" ">
    <subfield code="a">Correa Q., Dar&#xED;o,</subfield>
    <subfield code="e">autor.</subfield>
  </datafield>
  <datafield tag="942" ind1=" " ind2=" ">
    <subfield code="2">ddc</subfield>
    <subfield code="c">LIBRO</subfield>
  </datafield>
  <datafield tag="949" ind1=" " ind2=" ">
    <subfield code="a">c          </subfield>
    <subfield code="b">c</subfield>
  </datafield>
  <datafield tag="999" ind1=" " ind2=" ">
    <subfield code="c">4380</subfield>
    <subfield code="d">4380</subfield>
  </datafield>
  <datafield tag="952" ind1=" " ind2=" ">
    <subfield code="0">0</subfield>
    <subfield code="1">0</subfield>
    <subfield code="2">ddc</subfield>
    <subfield code="4">0</subfield>
    <subfield code="7">0</subfield>
    <subfield code="8">GENERAL</subfield>
    <subfield code="I">INV2017</subfield>
    <subfield code="a">Bogota</subfield>
    <subfield code="b">Bogota</subfield>
    <subfield code="d">2005-04-06</subfield>
    <subfield code="e">Instituto</subfield>
    <subfield code="g">15000.00</subfield>
    <subfield code="l">1</subfield>
    <subfield code="m">1</subfield>
    <subfield code="o">LB-581.464 R58g&#xFEFF;</subfield>
    <subfield code="p">017727</subfield>
    <subfield code="r">2018-09-12 00:00:00</subfield>
    <subfield code="s">2018-08-14</subfield>
    <subfield code="t">Ej. 1</subfield>
    <subfield code="w">2012-12-04</subfield>
    <subfield code="y">LIBRO</subfield>
  </datafield>
</record>
